• 首页
  • 本馆介绍
  • 公告通知
  • 最新文献
  • 馆藏检索
  • 电子资源
  • 读者导购
  • 参考咨询
  • 我的图书馆
  • 登录
  • 详细信息显示
  • 放入我的书架
  • 预约/预借图书
  • 作者相关作品
  • 分类相关作品
  • 丛书相关作品
  • 出版社相关作品

书目信息

  • 表格格式
  • 工作单格式
  • 卡片格式
题名:
咖啡赏鉴
    
 
作者: 李巧长 著
分册:  
出版信息: 北京   北京工业大学出版社  2014
页数: 311页
开本: 25cm
丛书名: 奢侈品私享家
单 册:
中图分类: TS273
科图分类:
主题词: 咖啡--鉴赏
电子资源:
ISBN: 978-7-5639-3842-1
000 00776oam2 22002531 450
001 012015000236
005 20151130142658.70
010    @a978-7-5639-3842-1@b软精装@dCNY118.00
100    @a20140727d2014 em y0chiy0110 ea
101 0  @achi
102    @aCN@b110000
105    @aa z 000yy
106    @ar
200 1  @a咖啡赏鉴@Aka fei shang jian@f李巧长著
210    @a北京@c北京工业大学出版社@d2014
215    @a311页@c彩图@d25cm
225 2  @a奢侈品私享家
330    @a本书针对各大顶级品牌不同时期、不同系列的经典咖啡,从产地、味道、生产工艺、特色等多个方面作了细致入微的介绍。
410  0 @12001 @a奢侈品私享家
606 0  @a咖啡@x鉴赏
690    @aTS273@v5
701  0 @a李巧长@Ali qiao chang@4著
801  0 @aCN@b碧洲教育@c20151127
905    @a10447@f2@dTS273@e192
    
    咖啡赏鉴/李巧长著.-北京:北京工业大学出版社,2014
    311页:彩图;25cm.-(奢侈品私享家)
    
    
    ISBN 978-7-5639-3842-1(软精装):CNY118.00
    本书针对各大顶级品牌不同时期、不同系列的经典咖啡,从产地、味道、生产工艺、特色等多个方面作了细致入微的介绍。
●
相关链接 在E读中查询图书 在五车中查询图书 在当当中查询图书 在豆瓣中查询图书


正题名:咖啡赏鉴     索取号:TS273/192         预约/预借

序号 登录号 条形码 馆藏地/架位号 状态 备注
1 0871401   208714015   第二样本阅览室/ [索取号:TS273/192] 在馆    
2 0871402   208714024   第三借阅区/ [索取号:TS273/192] 在馆    
唐山师范学院图书馆 欢迎您!
大连网信软件有限公司© 版权所有